ARTHROPDS ON CASHEW TREE IN PRASAT SAMBO DIA TRIT< KAMPONG THOM PROVINCE,(ប្រសិទ្ធភាពសត្វល្អិតទៅលើដំណាំស្វាយចន្ទី ក្នុងស្រុកប្រសាទសំបូរ ខេត្តកំពង់ធំ) (Record no. 965)

000 -LEADER
fixed length control field 00657nam a22001577a 4500
003 - CONTROL NUMBER IDENTIFIER
control field OSt
005 - DATE AND TIME OF LATEST TRANSACTION
control field 20150921133225.0
008 - FIXED-LENGTH DATA ELEMENTS--GENERAL INFORMATION
fixed length control field 150921b xxu||||| |||| 00| 0 eng d
040 ## - CATALOGING SOURCE
Transcribing agency RUA
082 ## - DEWEY DECIMAL CLASSIFICATION NUMBER
Classification number AGR MAK 2008 B035 Or.1
100 ## - MAIN ENTRY--PERSONAL NAME
9 (RLIN) 1007
Personal name MAK CHANRATANA
245 ## - TITLE STATEMENT
Title ARTHROPDS ON CASHEW TREE IN PRASAT SAMBO DIA TRIT< KAMPONG THOM PROVINCE,(ប្រសិទ្ធភាពសត្វល្អិតទៅលើដំណាំស្វាយចន្ទី ក្នុងស្រុកប្រសាទសំបូរ ខេត្តកំពង់ធំ)
260 ## - PUBLICATION, DISTRIBUTION, ETC. (IMPRINT)
Place of publication, distribution, etc. phnom penh
Name of publisher, distributor, etc. RUA
Date of publication, distribution, etc. 2009
300 ## - PHYSICAL DESCRIPTION
Extent xii,69p.
Dimensions ill.
Size of unit 29cm.
942 ## - ADDED ENTRY ELEMENTS (KOHA)
Source of classification or shelving scheme
Koha item type AGR
Holdings
Price effective from Date last seen Permanent Location Not for loan Date acquired Source of classification or shelving scheme Koha item type Lost status Withdrawn status Date last checked out Total Checkouts Shelving location Damaged status Barcode Current Location Full call number
2015-09-212024-05-15Library Block B 2015-09-21 AGR  2024-04-222B035 RUA008516Library Block BAGR MAK 2008 B035 Or.1
2015-09-212015-09-21Library Block B 2015-09-21 AGR    B035 RUA008591Library Block BAGR MAK 2008 B035 Or.2
មជ្ឈមណ្ឌលឯការនៃសាកលវិទ្យាល័យភូមិន្ទកសិកម្មចំការដូង

Powered by Koha